Delimitación de los cuadrantes urbanos y sus áreas de expansión en los distritos urbanos del cantón de Santa Cruz
Guardado en:
| Hovedforfatter: | |
|---|---|
| Andre forfattere: | |
| Format: | Bog |
| Sprog: | Spanish |
| Udgivet: |
San José, Costa Rica
2023
|
| Fag: | |
| Tags: |
Tilføj Tag
Ingen Tags, Vær først til at tagge denne postø!
|
MARC
| LEADER | 00000nam a2200000Ia 4500 | ||
|---|---|---|---|
| 003 | 013726 | ||
| 005 | 20240105141439.0 | ||
| 008 | 140114s2023 cr a 000 ||spa d | ||
| 040 | |c cru CEDI | ||
| 100 | |a Quirós Vega, Stefany, 1996- |9 1363 | ||
| 245 | |a Delimitación de los cuadrantes urbanos y sus áreas de expansión en los distritos urbanos del cantón de Santa Cruz | ||
| 260 | |a San José, Costa Rica |c 2023 | ||
| 500 | |a Trabajo Final de Graduación: (licenciatura en ingeniería topográfica) --Universidad de Costa Rica. Facultad de Ingeniería. Escuela de Ingeniería Topográfica | ||
| 501 | |a Director de Trabajo Final de Graduación: Ing. Alexander Cerdas Hernández, M.Sc. | ||
| 650 | |x SISTEMAS DE INFORMACION GEOGRAFICA |x GEOGRAFIA URBANA |x EXPANSION URBANA |x CRECIMIENTO DE LA POBLACION |x ORDENAMIENTO TERRITORIAL - COSTA RICA |x GESTION MUNICIPAL - SANTA CRUZ (GUANACASTE, COSTA RICA) |x EXPANSION URBANA - ,SANTA CRUZ (GUANACASTE, COSTA RICA) | ||
| 700 | |9 1364 |a Cerdas Hernández, Alexander, 1981- |d Director del TFG | ||
| 942 | |c TFG |h TFG 8867 |i 013726 |6 TFG_8867_013726000000000 | ||
| 999 | |c 13169 |d 13169 | ||
